000 00817nam a2200253Ia 4500
003 OSt
005 20220927110753.0
006 a|||||r|||| 00| 0
007 ta
008 220926b |||||||| |||| 00| 0 eng d
024 _a83919
037 _cReports
040 _aRTL
_cRTL
_beng
041 _2eng
_aeng
082 _a"X9(D2).213.N7, L2"
110 _a"Mysore, Rvaluation And Manpower (D/O-)"
_9380184
245 0 _aEvaluation report on the scheme of the agricultural reclamation and development of land under the Tungabhadra project
260 _aBangalore
_bGovt Press India
_c1972
300 _a50p.
_ccm.
650 _aEngineering
700 _a"Mysore, Rvaluation And Manpower (D/O-)"
_9380185
942 _h"X9(D2).213.N7, L2"
_cCC
999 _c697853
_d697853